000 00427cam a22001577a 4500
008 180718b2000 xxu||||| |||| 00| 0 eng d
020 _a1850655200
082 _aA6x54 In2/2000
100 _aInden, Ronald B.
245 _aImagining India
_cby Ronald B. Inden
260 _aLondon
_bHurst
_c2000
300 _a298p.
650 _aHinduism - India
650 _aPolitical sociology
650 _aIndia - Politics and government
999 _c396186
_d396186